Films par tagline - Clic Quiz - Statistiques

Statistiques générales
  • Ce quiz a été pris 1 588 fois
  • Le résultat moyen est 10 sur 19
Statistiques - réponses
Hint Réponse % Correct
Une légende s'écrit jusqu'au dernier round Rocky Balboa
87%
L'esclave qui défia l'empire Gladiator
85%
Mignons. Malins. Méchants. Intelligents. Dangereux. Les Gremlins
84%
Un cheval, des cheveux Raiponce
68%
Le prochain pas de l'homme sera le plus grand Interstellar
67%
Et vous, qui vous regarde The Truman Show
67%
Nouveau modèle. Pièces d’origine Fast & Furious 4
65%
Préparez votre plus beau sourire Joker
61%
On ne peut pas avoir 500 millions d'amis sans se faire quelques ennemis The Social Network
58%
Rien sur Terre ne pouvait les séparer Titanic
52%
La taille, ça compte Godzilla
49%
Jusqu'ici tout va bien La Haine
47%
Votre esprit abrite la scène du crime Inception
44%
Quelque chose a survécu Jurassic Park
41%
Apres 5 ans d'interdiction Massacre à la tronçonneuse
38%
Son peuple réclamait un leader. Il leur a donné un champion Invictus
35%
Quand la violence s'empare du monde, priez pour qu'il soit là... Mad Max
30%
N'y allez pas, ça dure trois heures Le Grand Bleu
24%
Croire à l’incroyable Matrix
16%
Aucun quiz correspondant
Distribution des résultats
% des personnes avec chaque résultat
Percentile par nombre de réponses
Votre historique - résultats
Vous n’avez pas pris ce quiz